00319nam a2200121Ia 4500008004100000041001200041082001600053100001700069245005700086260003300143300000800176650001300184221030s9999 xx 000 0 und d aEnglish a105.23bSah aS. K. Sahdev 0aFundamentals of Electrical Engineering & Electronics bDhanpat Rai PubaDelhic2001 a653 aECE & EE